000 00765nam a22001337a 4500
040 _cRUA
082 _aAVM TEN 2013 B106 Or.1
100 _aTENG, RATHA.
245 _asurvey on prevalent of newcastle, fowl pox and fowl cholera local chicken at poreing district, preyveng province (ការអង្កេតការរាតត្បាតនៃជំងឺដង្កោកាច់ អុត និង អាសន្នរោគទៅលើពូជមាន់ក្នុងស្រុកនៅស្រុកពោធិ៍រៀង ខេត្តព្រៃវែង)
260 _aPhnom Penh
_bRUA
_c2013
300 _ax, 47p.
_bill.
_c29cm.
856 _uhttps://drive.google.com/file/d/197rwj_P1CI5AyUlTymUvWOZue-HSo8up/view?usp=sharing
942 _cAVM
999 _c2642
_d2642